les meilleurs gardiens de Ligue 1 depuis 2002 - Statistiques

Statistiques générales
  • Ce quiz a été pris 366 fois
  • Le résultat moyen est 8 sur 10
Statistiques - réponses
Joueur % Correct
Steve Mandanda
98%
Gianluigi Donnarumma
97%
Keylor Navas
97%
Mike Maignan
90%
Salvatore Sirigu
88%
Grégory Coupet
84%
Danijel Subasic
83%
Hugo Lloris
81%
Ulrich Ramé
45%
Teddy Richert
30%
Aucun quiz correspondant
Distribution des résultats
% des personnes avec chaque résultat
Percentile par nombre de réponses
Votre historique - résultats
Vous n’avez pas pris ce quiz